[Event "CZE-chT2D 1011"]
[Site "Czech Republic"]
[Date "2011.04.10"]
[Round "11"]
[White "Ptacek, Lubos"]
[Black "Mares, Petr Sr"]
[Result "1/2-1/2"]
[WhiteElo "2046"]
[BlackElo "2008"]
[PlyCount "22"]
[EventDate "2010.10.17"]
[EventType "team-tourn"]
[EventRounds "11"]
[EventCountry "CZE"]
[SourceTitle "EXT 2012"]
[Source "ChessBase"]
[SourceDate "2011.11.24"]
[SourceVersion "1"]
[SourceVersionDate "2011.11.24"]
[SourceQuality "1"]
[WhiteTeam "Vysoke Myto"]
[BlackTeam "Usti nad Orlici"]
[WhiteTeamCountry "CZE"]
[BlackTeamCountry "CZE"]

1. e4 g6 2. d4 Bg7 3. Nf3 d6 4. Bc4 Nf6 5. Nc3 0-0 6. 0-0 c6 7. Re1 Bg4 8. h3 Bxf3 9. Qxf3 e5 10. dxe5 dxe5 11. Bg5 h6 1/2-1/2

[Event "CZE-chT2D 1011"]
[Site "Czech Republic"]
[Date "2011.01.09"]
[Round "5"]
[White "Mares, Petr Sr"]
[Black "Bujnoch, Radek"]
[Result "0-1"]
[WhiteElo "2008"]
[BlackElo "2144"]
[PlyCount "98"]
[EventDate "2010.10.17"]
[EventType "team-tourn"]
[EventRounds "11"]
[EventCountry "CZE"]
[SourceTitle "EXT 2012"]
[Source "ChessBase"]
[SourceDate "2011.11.24"]
[SourceVersion "1"]
[SourceVersionDate "2011.11.24"]
[SourceQuality "1"]
[WhiteTeam "Usti nad Orlici"]
[BlackTeam "Chrudim"]
[WhiteTeamCountry "CZE"]
[BlackTeamCountry "CZE"]

1. e4 c5 2. Nc3 Nc6 3. g3 g6 4. Bg2 Bg7 5. d3 e6 6. Be3 d6 7. f4 Nge7 8. Nf3 0-0 9. 0-0 Rb8 10. a4 a6 11. Qd2 b5 12. axb5 axb5 13. h3 b4 14. Nd1 Nd4 15. Bxd4 cxd4 16. b3 Qb6 17. Kh2 Bd7 18. Nb2 d5 19. Ne5 Bxe5 20. fxe5 dxe4 21. Nc4 Qc5 22. dxe4 Bb5 23. Ra5 Nc6 24. Rxb5 Rxb5 25. Qh6 Nxe5 26. Rf4 f6 27. Bf1 Rb7 28. Nxe5 Qxe5 29. Bd3 Rg7 30. Rf1 f5 31. Qf4 Qxf4 32. Rxf4 e5 33. Rf1 Re7 34. Re1 f4 35. g4 Ra8 36. Kg2 Rc7 37. Kf3 Ra2 38. Re2 Ra1 39. Rh2 Rg1 40. Kf2 Rc1 41. Kf3 Ra7 42. h4 Raa1 43. h5 Rg1 44. hxg6 hxg6 45. Rg2 Kg7 46. Kf2 Rxg2+ 47. Kxg2 Kf6 48. Kf2 Kg5 49. Be2 Rc1 0-1

[Event "CZE-chT2D 1011"]
[Site "Czech Republic"]
[Date "2010.12.05"]
[Round "4"]
[White "Hajek, Jiri"]
[Black "Mares, Petr Sr"]
[Result "1-0"]
[WhiteElo "2145"]
[BlackElo "2008"]
[PlyCount "99"]
[EventDate "2010.10.17"]
[EventType "team-tourn"]
[EventRounds "11"]
[EventCountry "CZE"]
[SourceTitle "EXT 2012"]
[Source "ChessBase"]
[SourceDate "2011.11.24"]
[SourceVersion "1"]
[SourceVersionDate "2011.11.24"]
[SourceQuality "1"]
[WhiteTeam "Zajecice"]
[BlackTeam "Usti nad Orlici"]
[WhiteTeamCountry "CZE"]
[BlackTeamCountry "CZE"]

1. d4 g6 2. c4 Bg7 3. e4 Nc6 4. Nf3 d6 5. Be2 e5 6. d5 Nce7 7. Nc3 f5 8. exf5 Bxf5 9. Ng5 Nf6 10. g4 Bd7 11. h4 Qc8 12. f3 h6 13. Nge4 Nxe4 14. Nxe4 b6 15. Be3 Qb7 16. Qd2 a5 17. b3 a4 18. b4 b5 19. Rc1 bxc4 20. Bxc4 Rb8 21. b5 Nc8 22. Qd3 Kd8 23. Nc3 Ne7 24. 0-0 Qa8 25. b6 cxb6 26. Ne4 Rf8 27. Nxd6 b5 28. Nxb5 Bxb5 29. Bxb5 Qxd5 30. Qc2 Rxb5 31. Rfd1 Rxf3 32. Rxd5+ Rxd5 33. Bb6+ Ke8 34. Qxa4+ Kf7 35. Qc4 Rfd3 36. Rf1+ Kg8 37. a4 Kh7 38. a5 Rg3+ 39. Kh2 Rdd3 40. Bf2 Rgf3 41. a6 Nd5 42. a7 Nf4 43. Qe4 Rh3+ 44. Kg1 Ra3 45. h5 Ra6 46. a8Q Rxa8 47. hxg6+ Nxg6 48. Qxa8 Nf4 49. Qe4+ Kg8 50. Rb1 1-0

[Event "CZE-chT2D 1011"]
[Site "Czech Republic"]
[Date "2010.11.07"]
[Round "2"]
[White "Bartosova, Lucie"]
[Black "Mares, Petr Sr"]
[Result "1/2-1/2"]
[WhiteElo "1961"]
[BlackElo "2008"]
[PlyCount "114"]
[EventDate "2010.10.17"]
[EventType "team-tourn"]
[EventRounds "11"]
[EventCountry "CZE"]
[SourceTitle "EXT 2012"]
[Source "ChessBase"]
[SourceDate "2011.11.24"]
[SourceVersion "1"]
[SourceVersionDate "2011.11.24"]
[SourceQuality "1"]
[WhiteTeam "Litomysl"]
[BlackTeam "Usti nad Orlici"]
[WhiteTeamCountry "CZE"]
[BlackTeamCountry "CZE"]

1. e4 g6 2. d4 Bg7 3. Nc3 c6 4. g3 d6 5. Bg2 e5 6. Be3 Nd7 7. Nge2 Qe7 8. 0-0 Ngf6 9. h3 0-0 10. Qd2 exd4 11. Nxd4 Nc5 12. f3 Re8 13. Rae1 Nh5 14. Qf2 a5 15. f4 Ne6 16. g4 Nhxf4 17. Nf5 gxf5 18. exf5 Nxg2 19. fxe6 Bxe6 20. Kxg2 Bxc3 21. bxc3 Bd5+ 22. Kh2 Qe5+ 23. Bf4 Qxc3 24. Bxd6 Bc4 25. Rg1 Rad8 26. Bf4 Qf6 27. Qg3 Bxa2 28. h4 Re6 29. Bg5 Qd4 30. Bxd8 Qxd8 31. Rd1 Re2+ 32. Kh3 Qe7 33. Rge1 Bd5 34. Rxe2 Qxe2 35. Re1 Qf3 36. Qxf3 Bxf3 37. Re7 b5 38. Kg3 Bd5 39. Kf4 Kg7 40. Ke5 a4 41. Ra7 Kg6 42. Ra8 f6+ 43. Kf4 h5 44. gxh5+ Kxh5 45. Rh8+ Kg6 46. h5+ Kg7 47. Ra8 Bg2 48. c4 Bf1 49. cxb5 cxb5 50. Kf3 Bc4 51. Kg4 Be2+ 52. Kh4 Bc4 53. Ra7+ Kh6 54. Ra6 Kg7 55. Kg4 Be2+ 56. Kh4 Bc4 57. Kg3 Kh6 1/2-1/2